Access to Neighbouring Land Act 1992: a guidance note for members: consultation draft. (Record no. 94197)

MARC details
000 -LEADER
fixed length control field 01000cam a2200313 4500
008 - FIXED-LENGTH DATA ELEMENTS--GENERAL INFORMATION
fixed length control field 090401t1994 xxu||||| |||| 00| 0 eng d
020 ## - INTERNATIONAL STANDARD BOOK NUMBER
International Standard Book Number 0854066411
035 ## - SYSTEM CONTROL NUMBER
System control number (Sirsi) u60138
041 ## - LANGUAGE CODE
Language code of text/sound track or separate title eng
050 ## - LIBRARY OF CONGRESS CALL NUMBER
Classification number 346.410435
090 ## - LOCALLY ASSIGNED LC-TYPE CALL NUMBER (OCLC); LOCAL CALL NUMBER (RLIN)
Classification number (OCLC) (R) ; Classification number, CALL (RLIN) (NR) RICS 1994/34ABCD
100 ## - MAIN ENTRY--PERSONAL NAME
Personal name Schatunowski, Alex
245 ## - TITLE STATEMENT
Title Access to Neighbouring Land Act 1992: a guidance note for members: consultation draft.
260 ## - PUBLICATION, DISTRIBUTION, ETC.
Place of publication, distribution, etc. London
Name of publisher, distributor, etc. RICS
Date of publication, distribution, etc. 1994
300 ## - PHYSICAL DESCRIPTION
Extent 24p. ; 30cm.
350 ## - PRICE (NR) (BK AM CF MU VM SE) [OBSOLETE]
Price 0
520 ## - SUMMARY, ETC.
Summary, etc. Consultation draft produced by the Boundary Skills Panel. Comments to be received by 20 June 1994.
650 ## - SUBJECT ADDED ENTRY--TOPICAL TERM
Topical term or geographic name entry element ACCESS ORDERS
650 ## - SUBJECT ADDED ENTRY--TOPICAL TERM
Topical term or geographic name entry element ACCESS TO NEIGHBOURING LAND ACT 1992
650 ## - SUBJECT ADDED ENTRY--TOPICAL TERM
Topical term or geographic name entry element BOUNDARY SKILLS PANEL
650 ## - SUBJECT ADDED ENTRY--TOPICAL TERM
Topical term or geographic name entry element CONSULTATION PAPERS
650 ## - SUBJECT ADDED ENTRY--TOPICAL TERM
Topical term or geographic name entry element GUIDANCE NOTES
650 ## - SUBJECT ADDED ENTRY--TOPICAL TERM
Topical term or geographic name entry element NEIGHBOURING LAND ACT 1992
650 ## - SUBJECT ADDED ENTRY--TOPICAL TERM
Topical term or geographic name entry element ABOUT RICS
690 ## - LOCAL SUBJECT ADDED ENTRY--TOPICAL TERM (OCLC, RLIN)
Topical term or geographic name as entry element HIGHWAYS RIGHTS OF WAY AND EASEMENTS
710 ## - ADDED ENTRY--CORPORATE NAME
Corporate name or jurisdiction name as entry element Royal Institution of Chartered Surveyors
9 (RLIN) 4900
942 ## - ADDED ENTRY ELEMENTS (KOHA)
Suppress in OPAC 0
948 ## - LOCAL PROCESSING INFORMATION (OCLC); SERIES PART DESIGNATOR (RLIN)
c (OCLC) 04/03/1997
Holdings
Withdrawn status Lost status Source of classification or shelving scheme Damaged status Not for loan Home library Current library Shelving location Date acquired Total Checkouts Full call number Barcode Date last seen Copy number Price effective from Koha item type Date last checked out
    Dewey Decimal Classification     London London RICS Boxes 17/06/1994   RICS 1994/34 30041870 06/08/2019 1 06/08/2019 Archive  
    Dewey Decimal Classification     London London RICS Boxes 17/06/1994 10 RICS 1994/34 30041873 06/08/2019 4 06/08/2019 Reference material 20/05/2003
    Dewey Decimal Classification     London London Books 25/09/2014   RICS 1994/34 30041872 06/08/2019 5 06/08/2019 Book